01413nab a22002537a 4500003000400000005001700004008004100021040000700062100002400069245016100093260007300254300001500327500007200342505032300414505008900737650002900826650003400855650003100889650003100920650002300951650003000974650002201004773013301026OSt20251227004633.0190603e xxum|||| |||| 00| 0 spa d cPJ aScotti, Luciana B. 10aA una década del Código Civil y Comercial : bprincipales innovaciones y asignaturas pendientes del derecho internacional privado /cLuciana B. Scotti.  cCiudad Autónoma de Buenos Aires :aThomson Reuters La Ley, b2025. ap. 293-311 aCita: TR LALEY AR/DOC/1763/2025 Publicado en: RCCyC 2025 (agosto). aSumario: I. Introducción.— II. Soluciones clásicas y respuestas modernas ante los escenarios actuales.— III. Características definitorias del Cód. Civ. y Com.— IV. Principales hitos del Cód. Civ. y Com. en materia de DIPr.— V. Algunos desafíos y asignaturas pendientes.— VI. A modo de colofón.  t¿Te interesa el texto completo? Solicitalo al correo: koha@justierradelfuego.gov.ar 0aCODIGO CIVIL Y COMERCIAL 0aDERECHO INTERNACIONAL PRIVADO 0aAUTONOMÍA DE LA VOLUNTAD 0aJURISDICCION INTERNACIONAL 0aDERECHO DE FAMILIA 0aCOOPERACION INTERNACIONAL 0aDEFENSA EN JUICIO0 02713dCiudad Autónoma de Buenos Aires : Thomson Reuters La Ley, 2015-tRevista Código Civil y Comercial. Nº 4 - Agosto 2025